000 00689nam a22002177a 4500
003 OSt
005 20231004141248.0
008 221006b |||||||| |||| 00| 0 eng d
040 _cBiblioteca Lado V
082 _a700
_bC257s
100 _91148
_aCaraballo, Susan
_eeditor
245 _aSmall Format/
260 _bArts Center
_c2015
_aSouth Florida
300 _c28x43cm
_a6p.
366 _eeng
650 _2Tesauro de Arte & Arquitectura
_aARTE
_9703
650 _2Tesauro de Arte & Arquitectura
_aTEORÍA
650 _2Tesauro de Arte & Arquitectura
_aCRITICA
_9702
650 _2Tesauro de Arte & Arquitectura
_aENTREVISTAS
942 _2ddc
_c1
_h700
_iC257s
_n0
999 _c4461
_d4461